| 000 | 00529nam a22001817a 4500 | ||
|---|---|---|---|
| 008 | 230630b |||||||| |||| 00| 0 eng d | ||
| 020 | _a81-237-1174-3 | ||
| 040 |
_aNational Science Library _cNational Science Library |
||
| 080 |
_a598.2 _bN9 |
||
| 100 |
_aAli, Salem _912493 |
||
| 245 | _aहमारे परिचित पक्षी | ||
| 246 | _aHamare parichit pakshi | ||
| 260 |
_aNew Delhi: _bNational Book Trust, _c1999 |
||
| 300 | _a112p. | ||
| 650 | _aBirds | ||
| 653 | _aEnvironment | ||
| 942 |
_2udc _cHBK |
||
| 999 |
_c48428 _d48428 |
||